The power to change : how to harness change to make it work for you

Bibliographic Details
Main Author: Macpherson, Campbell , 1963- (Author)
Format: Book
Published: New York : Kogan Page [2021]
Subjects:

MARC

LEADER 00000cam a2200000 7i4500
001 0000278179
005 20240403130431.0
006 a# ###g ###
007 t
008 211216s2021 nyu# g eng
020 |a 9781789664959 
040 |a MBPJ   |b eng   |c MBPJ   |e rda 
090 0 0 |a F   |b MAC 
100 1 |a Macpherson, Campbell ,   |d 1963- ,   |e author 
245 1 4 |a The power to change :   |b how to harness change to make it work for you   |c Campbell Macpherson 
264 1 |a New York :   |b Kogan Page   |c [2021] 
264 4 |c ©2021 
300 |a 226 pages ;   |c 24 cm. 
336 |a text  |2 rdacontent 
337 |a unmediated  |2 rdamedia 
338 |a volume  |2 rdacarrier 
650 0 |a Fiction 
999 |a 00395911   |b BUKU   |c PINJAMAN   |e PERPUSTAKAAN KOMUNITI PETALING JAYA